| 000 | 01169cam a2200325 a 4500 | ||
|---|---|---|---|
| 001 | 000014037 | ||
| 005 | 20240527201742.0 | ||
| 008 | 800313s1979 mx b 001 0 spa d | ||
| 020 | _a968230508X | ||
| 035 | _a(DLC) 79127831 | ||
| 040 |
_aDO-SdBNP _cDLC _dDLC |
||
| 043 | _as-ag--- | ||
| 082 |
_a325.32 _bI46a |
||
| 100 | 1 |
_aIngenieros, José, _d1877-1925. _916601 |
|
| 245 | 1 | 0 |
_aAntimperialismo y nación / _cJosé Ingenieros ; introducción, compilación y notas de Óscar Terán ; edición José Aricó. |
| 260 |
_aMéxico : _bSiglo Veintiuno, _c1979. |
||
| 300 |
_a529 p. ; _c22 cm. |
||
| 490 | 1 |
_aAmérica nuestra _aHombres y las ideas _v22 |
|
| 500 | _a"José Ingenieros, o, La voluntad de saber" by Oscar Teran: p. [11]-117. | ||
| 504 | _aBibliografía (p. 495-519) | ||
| 500 | _aIncluye índice. | ||
| 650 | 0 |
_aImperialismo _91499 |
|
| 650 | 4 |
_aIngenieros, josé, _d1877-1925 _931784 |
|
| 650 | 4 |
_aCiencia política _zArgentina _931785 |
|
| 700 | 1 |
_aTerán, Óscar _eintr. _931786 |
|
| 700 | 1 |
_aJosé, Aricó _eed. _931787 |
|
| 830 | 0 |
_aAmérica nuestra ; _pHombres y las ideas. _v22 _931788 |
|
| 910 | _aCatalogación por copia / LC | ||
| 049 | _aBNGR | ||
| 999 |
_c13639 _d13639 |
||